000 00800nam a2200241 a 4500
001 000042428
005 20201002040141.0
008 131202s1994 sp a 000 0 spa d
020 _a8420654256
040 _aDO-SdBNP
_bspa
_cBNPHU
082 _axxx
_bP829a
100 1 _aPopov, Evgueni
_969561
240 1 0 _aDuscha patriota
245 1 3 _aEl alma del patriota /
_cEvgueni Popov ; versión española de Helena S. Kriúkova y Vicente Cazcarra.
260 _aMadrid :
_bAlianza,
_c1994.
300 _a166 p. :
_bil. ;
_c22 cm.
490 1 _aAlianza cuatro
_v25
500 _aIncluye referencias bibliográficas y notas al pie de páginas.
590 _aInventariado, 2019/VM
700 1 2 _aKriúkova, Helena S.
_969562
700 1 2 _aCazcarra, Vicente
_969563
830 0 _aAlianza cuatro
_n25
_969564
999 _c41917
_d41917